College Quizbowl Stats
College Quizbowl Stats
Circuits
Seasons
Sets
Records
Detailed Stats
About
Loading...
2023 Penn Bowl @ FSU
Tossups
Bonuses
Players
Teams
Categories (Tossup)
Categories (Bonus)
Eve Maramba
Florida A
Categories
Category
Powers
Gets
Negs
BBs
Points
Earliest Buzz
Avg. Buzz
First Buzzes
Top 3 Buzzes
Literature - American Literature
0
1
0
0
10
127
127.00
0
1
Literature - British Literature
0
1
0
0
10
102
102.00
1
1
Mythology
0
0
1
0
-5
0.00
0
0
Science - Physics
0
0
1
0
-5
0.00
0
0
Buzzes
Category
Answer
Value
Buzz Position
Mythology
Asclepius
-5
26
Science - Physics
Werner Heisenberg
-5
48
Literature - British Literature
Catherine Earnshaw
10
102
Literature - American Literature
Transcendentalism
10
127
Previous
1
Next